Základní
MARC
Záznam Personal Name
Počet záznamů používajících tuto autoritu: 1
001 - CONTROL NUMBER
- control field: 20748
003 - CONTROL NUMBER IDENTIFIER
- control field: ABG508
005 - DATE AND TIME OF LATEST TRANSACTION
- control field: 20260512145338.0
008 - FIXED-LENGTH DATA ELEMENTS
- fixed length control field: 260512|| aca||aabn | a|a d
040 ## - CATALOGING SOURCE
- Original cataloging agency: ABG508
- Transcribing agency: ABG508
100 ## - HEADING--PERSONAL NAME
- Personal name: Tagame, Gengoro,
- Dates associated with a name: 1964-
670 ## - SOURCE DATA FOUND
- Source citation: Work cat.: (ABG508)34267: Tagame, Gengoro, 1964- xx0336152 aut, Manžel mého bratra /